Datum a čas kvízu
20.5
Celkem bodů
Celkový počet nahraných bodů na tomto kvízu bez doplňovacích otázek.
6.
Pořadí na kvízu
Konečné umístění týmu na tomto kvízu.
Zaznamenané odpovědi
| # | Otázka | Odpověď | Body | Výsledky |
|---|---|---|---|---|
| 1. | Andrej Babiš byl dle očekávání... | jeden | 1 | |
| 2. | Nepálské úřady minulý týden oz... | C) pytlíkem na výkaly | 0 | |
| 3. | Jak se nazývá kapela, kterou p... | 4TET | 0 | |
| 4. | V sobotu začal čínský nový rok... | znamení Draka | 0 | |
| 5. | V noci z neděle na pondělí se... | Kansas City (Chiefs), San Francisco (49ers) | 0 | |
| 6. | Vítězné téma facebookového hla... | 1C 2B 3D 4A | 0 | |
| 7. | Dne 4. ledna 1997 došlo ke sňa... | Havel, Veškrnová | 0 | |
| 8. | Říká vám něco jméno herečky Šá... | Irenka (Irena) | 0 | |
| 9. | V roce 1994 vyšel první díl he... | Tekken | 1 | |
| 10. | Ke kterému městu se v souvislo... | Vsetín | 0 |